000 01492nam a2200205Ia 4500
999 _c37814
_d37814
001 3791
003 GE_BSU
005 20190812165322.0
008 181216s1950||||ge |||||||||||||| ||geo||
040 _cGE_BSU
041 _ageo
080 _a016:091(479.22) ს–32
245 _aსაქართველოს სახელმწიფო მუზეუმის ქართულ ხელნაწერთა აღწერილობა :
_bსაქართველოს საისტორიო და საეთნოგრაფიო საზოგადოების ყოფილი მუზეუმის ხელნაწერები. ტ. 4 /
_cშედგენილია და დასაბეჭდად დამზადებულია ელენე მეტრეველის მიერ. კ. კეკელიძის საერთო რედ. ; საქ. სსრ. მეცნ. აკად., საქ. სახელმწ. მუზეუმი.
264 _aთბილისი :
_bსაქ–ს სსრ მეცნ. აკად. გამ–ბა,
_c1950.
300 _a500 გვ.;
_b25 სმ.
653 _aქართული ხელნაწერები
700 _aკეკელიძე, კ.
_eრედაქტორი
_93519
710 _aსაქ. სსრ. მეცნ. აკად., საქ. სახელმწ. მუზეუმი
_93520
942 _cBK
_2udc